[Event "Gibtelecom Masters"]
[Site "Gibraltar"]
[Date "2009.02.02"]
[Round "7.67"]
[White "Osuna Vega, Enrique"]
[Black "Szabo, Gabor"]
[Result "1-0"]
[WhiteElo "2130"]
[BlackElo "1862"]
[PlyCount "121"]
[EventDate "2009.01.27"]

1. d4 Nf6 2. Nf3 g6 3. Nc3 Bg7 4. e4 d6 5. Be3 c6 6. Qd2 b5 7. Bd3 Qc7 8. h3
Nbd7 9. O-O Bb7 10. Rfe1 O-O 11. Bh6 e5 12. Bxg7 Kxg7 13. Ne2 Rae8 14. Ng3 Re7
15. Rad1 Rfe8 16. Qg5 Kh8 17. dxe5 dxe5 18. c3 Ng8 19. Bc2 c5 20. Rd2 Nf8 21.
Red1 f6 22. Qe3 Ne6 23. a3 Bc6 24. Nh2 Kg7 25. Nhf1 Nh6 26. Qe1 Nf7 27. Ne3 Nf4
28. Ne2 Ng5 29. Nd5 Nfxh3+ 30. Kh1 Bxd5 31. exd5 Qd7 32. d6 Rf7 33. Ng3 Nf4 34.
Be4 Qg4 35. Bd5 Rd7 36. Bc6 Red8 37. Kg1 h5 38. f3 Qe6 39. Bxd7 Rxd7 40. Ne4
Nxe4 41. Qxe4 h4 42. Qe3 c4 43. Qc5 g5 44. Qxb5 g4 45. Qc6 Kh6 46. Qa8 Kg5 47.
fxg4 Kxg4 48. Qf3+ Kg5 49. Kh2 Qf5 50. b3 Qe6 51. Qf1 e4 52. Qxc4 Qxc4 53. bxc4
Nd3 54. Rxd3 exd3 55. Rxd3 Kf5 56. c5 Ke5 57. c4 f5 58. Kh3 a5 59. Rd2 Ke6 60.
Re2+ Kf6 61. Kxh4 1-0

[Event "Gibtelecom Masters"]
[Site "Gibraltar"]
[Date "2009.02.02"]
[Round "7.68"]
[White "Hickman, John E"]
[Black "Haugstad, Espen"]
[Result "0-1"]
[WhiteElo "2002"]
[BlackElo "2114"]
[PlyCount "215"]
[EventDate "2009.01.27"]

1. e4 c5 2. Nf3 e6 3. d3 Nc6 4. g3 g6 5. Bg2 Bg7 6. O-O Nge7 7. c3 d5 8. Nbd2
d4 9. c4 O-O 10. Ne1 e5 11. f4 exf4 12. gxf4 Be6 13. Ndf3 Qd7 14. Ng5 Bg4 15.
Bf3 Bxf3 16. Qxf3 f6 17. Qh3 Qxh3 18. Nxh3 h6 19. Nf3 g5 20. Nf2 Ng6 21. f5
Nge5 22. Kg2 Nxf3 23. Kxf3 h5 24. h3 Kf7 25. Bd2 Rh8 26. Ke2 Bf8 27. a3 a5 28.
a4 Bd6 29. Rg1 Rag8 30. Rg2 b6 31. Rag1 Rg7 32. Nd1 Ke7 33. Nf2 Ne5 34. b3 Nf7
35. Bc1 Kd7 36. Bd2 Rgg8 37. Bc1 Ne5 38. Bd2 Nc6 39. Kf1 Rh7 40. Ke2 Ke7 41.
Kf1 Kf7 42. Ke2 Ne5 43. Bc1 Bf8 44. Bd2 Bh6 45. Rg3 Kg7 46. R3g2 Kh8 47. Rg3
Rhg7 48. R3g2 Kh7 49. Rg3 g4 50. Bxh6 Kxh6 51. hxg4 Nxg4 52. Nh3 Ne5 53. Rxg7
Rxg7 54. Rxg7 Kxg7 55. Ng1 h4 56. Nf3 h3 57. Kf2 Nxd3+ 58. Kg3 Kh6 59. Nd2 Nf4
60. Nf3 d3 61. Nd2 Kh5 62. Nf3 h2 63. Kxh2 Kg4 64. Nd2 Ne2 65. Kg2 Kf4 66. Kf2
Nc3 67. e5 Kxe5 68. Ke3 Nd1+ 69. Kxd3 Nf2+ 70. Ke3 Ng4+ 71. Kf3 Kxf5 72. Ne4
Nh2+ 73. Ke3 Nf1+ 74. Kd3 Ke5 75. Nc3 f5 76. Nd5 f4 77. Nxb6 f3 78. Nd7+ Kf4
79. Nxc5 Ng3 80. Ne6+ Ke5 81. Nd4 f2 82. Nf3+ Kd6 83. Nd2 Kc5 84. Kc3 f1=Q 85.
Nxf1 Nxf1 86. Kb2 Nd2 87. Kc3 Ne4+ 88. Kd3 Nd6 89. Kc3 Nb7 90. Kb2 Kb4 91. Ka2
Nc5 92. Kb2 Nxb3 93. Ka2 Nd2 94. c5 Kxc5 95. Ka3 Kc4 96. Ka2 Kc3 97. Ka1 Kc2
98. Ka2 Nc4 99. Ka1 Kb3 100. Kb1 Nb6 101. Ka1 Nxa4 102. Kb1 Nb6 103. Ka1 Nc4
104. Kb1 Ne3 105. Ka1 a4 106. Kb1 a3 107. Ka1 Nc2+ 108. Kb1 0-1

[Event "Gibtelecom Masters"]
[Site "Gibraltar"]
[Date "2009.02.02"]
[Round "7.70"]
[White "Carlsen, Ellen Oen"]
[Black "Ercan, Mehmet Fahri"]
[Result "0-1"]
[WhiteElo "1888"]
[BlackElo "2091"]
[PlyCount "68"]
[EventDate "2009.01.27"]

1. e4 e6 2. d4 d5 3. Nd2 c5 4. exd5 Qxd5 5. Ngf3 Nf6 6. Bc4 Qd8 7. O-O Nbd7 8.
Nb3 Qc7 9. Qe2 Be7 10. Bg5 O-O 11. Rad1 cxd4 12. Nbxd4 Nb6 13. Bb3 Nbd5 14. g3
h6 15. Bc1 a6 16. c4 Nb4 17. Bf4 Qc5 18. a3 Nc6 19. Ba4 Bd7 20. Nxc6 Bxc6 21.
Bxc6 Qxc6 22. Nd4 Qc8 23. b4 a5 24. Nb5 axb4 25. Nd6 Qc6 26. axb4 Ra4 27. Qc2
Rxb4 28. Qd2 Ra4 29. Rb1 Rd8 30. c5 Ne4 31. Qc2 Nxd6 32. Bxd6 Bxd6 33. Rb6 Qxc5
34. Rxd6 Qxc2 0-1

[Event "Gibtelecom Masters"]
[Site "Gibraltar"]
[Date "2009.02.02"]
[Round "7.71"]
[White "Valhondo Morales, Ruben"]
[Black "Thomassen, Joachim"]
[Result "0-1"]
[WhiteElo "1754"]
[BlackElo "2290"]
[PlyCount "116"]
[EventDate "2009.01.27"]

1. d4 Nf6 2. c4 g6 3. Nc3 Bg7 4. e4 O-O 5. Nf3 d6 6. Be2 Bg4 7. O-O Nfd7 8. Be3
a6 9. Rc1 c5 10. d5 Bxf3 11. Bxf3 b5 12. b3 Nb6 13. Be2 b4 14. Nb1 a5 15. Qd2
Re8 16. Bg4 a4 17. Bh6 Bh8 18. f4 axb3 19. axb3 N8d7 20. f5 Nf6 21. fxg6 hxg6
22. Qf4 Kh7 23. Nd2 Nbd7 24. Nf3 Ne5 25. Ng5+ Kg8 26. Nxf7 Nxf7 27. Be6 Rf8 28.
Bxf8 Qxf8 29. Bxf7+ Qxf7 30. g4 Rf8 31. g5 Nh5 32. Qxf7+ Rxf7 33. Rxf7 Kxf7 34.
Rf1+ Kg8 35. Kg2 Be5 36. h4 Ng3 37. Re1 e6 38. Re3 exd5 39. exd5 Nf5 40. Re4
Kf7 41. Kh3 Bc3 42. Rf4 Kg7 43. Rf1 Nd4 44. Rb1 Nf3 45. Rd1 Nd4 46. Rb1 Kf7 47.
Kg4 Ke7 48. Kf4 Kd8 49. Kg4 Kd7 50. h5 gxh5+ 51. Kxh5 Nf3 52. Rc1 Nd2 53. g6
Bg7 54. Rc2 Nxb3 55. Ra2 Kc8 56. Ra7 Bd4 57. Kg5 Nd2 58. Rf7 b3 0-1

[Event "Gibtelecom Masters"]
[Site "Gibraltar"]
[Date "2009.02.02"]
[Round "7.73"]
[White "De Groote, Ewoud"]
[Black "Benson, Oisin P"]
[Result "1-0"]
[WhiteElo "2203"]
[BlackElo "1957"]
[PlyCount "97"]
[EventDate "2009.01.27"]

1. e4 c5 2. Nf3 d6 3. d4 cxd4 4. Nxd4 Nf6 5. Nc3 a6 6. Be3 e5 7. Nb3 Be6 8. f3
Nbd7 9. Qd2 b5 10. O-O-O Rc8 11. Kb1 Be7 12. g4 Nb6 13. Qf2 Nc4 14. Bxc4 bxc4
15. Nc5 O-O 16. N5a4 Rb8 17. Ba7 Rc8 18. Nb6 Rc7 19. Nbd5 Nxd5 20. Nxd5 Bxd5
21. Rxd5 Qa8 22. Bb6 Rb7 23. Ba5 Rfb8 24. b3 Rb5 25. Rhd1 Qc6 26. Kb2 cxb3 27.
axb3 Rc8 28. Qd2 Rxd5 29. exd5 Qc5 30. Qc3 Qxc3+ 31. Bxc3 f5 32. gxf5 Rf8 33.
Ra1 Rxf5 34. Rxa6 Rxf3 35. b4 Rf8 36. Ra7 Kf7 37. Bxe5 dxe5 38. d6 Ke6 39.
Rxe7+ Kf6 40. c4 Rf7 41. Rxf7+ Kxf7 42. c5 Ke6 43. b5 Kd7 44. Kc3 g5 45. Kc4 h5
46. Kd5 g4 47. b6 h4 48. b7 g3 49. b8=Q 1-0

[Event "Gibtelecom Masters"]
[Site "Gibraltar"]
[Date "2009.02.02"]
[Round "7.74"]
[White "Helin, Mikael"]
[Black "Gavriel, Tryfon C"]
[Result "1-0"]
[WhiteElo "1974"]
[BlackElo "2161"]
[PlyCount "109"]
[EventDate "2009.01.27"]

1. e4 d6 2. Nc3 c6 3. g3 h5 4. h3 h4 5. g4 e5 6. Bg2 g5 7. Nf3 f6 8. d4 Qe7 9.
d5 Nh6 10. Nh2 Nd7 11. b4 a6 12. a4 Bg7 13. a5 Nf7 14. Nf1 Nf8 15. Na4 Ng6 16.
Nb6 Rb8 17. Ne3 Nf4 18. c4 Nh6 19. Bf3 f5 20. gxf5 O-O 21. Bg4 Bf6 22. Ba3 Rd8
23. c5 dxc5 24. bxc5 cxd5 25. Nexd5 Qf7 26. Qb3 Kg7 27. Rd1 Bd7 28. Nc4 Bb5 29.
Nd6 Rxd6 30. cxd6 Rc8 31. d7 Ng2+ 32. Kd2 Qxd7 33. Rc1 Rc6 34. Rhd1 Nxg4 35.
hxg4 Bd8 36. Qb4 Qf7 37. Bb2 Bf6 38. Rc3 Nf4 39. Nxf4 gxf4 40. Ke1 Be7 41. Qb3
Qxb3 42. Rxb3 Kf6 43. Ba3 Bxa3 44. Rxa3 Rc2 45. Rd6+ Kf7 46. g5 Re2+ 47. Kd1
Rxf2 48. Rh3 Rg2 49. g6+ Ke7 50. Re6+ Kd7 51. Rxh4 f3 52. Rh7+ Kd8 53. Rf6 f2
54. Rf8+ Be8 55. Ke2 1-0

[Event "Gibtelecom Masters"]
[Site "Gibraltar"]
[Date "2009.02.02"]
[Round "7.75"]
[White "Campbell, Ian"]
[Black "Whitehead, David J"]
[Result "1/2-1/2"]
[WhiteElo "2023"]
[BlackElo "2155"]
[PlyCount "61"]
[EventDate "2009.01.27"]

1. g3 f5 2. Bg2 Nf6 3. d3 g6 4. Nd2 Bg7 5. c3 Nc6 6. Qc2 O-O 7. b4 e6 8. Bb2
Rb8 9. a4 b6 10. Ngf3 Bb7 11. O-O Ng4 12. h3 Nge5 13. Nxe5 Nxe5 14. Bxb7 Rxb7
15. f4 Nf7 16. c4 Qe7 17. Bxg7 Kxg7 18. Qc3+ Kg8 19. e4 c5 20. b5 h6 21. Rae1
Kh7 22. Kh2 Rg8 23. exf5 gxf5 24. Nf3 Nd8 25. Re3 Qg7 26. Qxg7+ Kxg7 27. g4
fxg4 28. hxg4 d6 29. Kg3 Kf6 30. Rh1 Nf7 31. Rh5 1/2-1/2

[Event "Gibtelecom Masters"]
[Site "Gibraltar"]
[Date "2009.02.02"]
[Round "7.77"]
[White "Ogada-Osir, Ibrahim Okinyi"]
[Black "Escofet Llongueras, Joan"]
[Result "1-0"]
[WhiteElo "2110"]
[BlackElo "1889"]
[PlyCount "69"]
[EventDate "2009.01.27"]

1. d4 Nf6 2. c4 c5 3. d5 b5 4. cxb5 a6 5. bxa6 Bxa6 6. Nc3 d6 7. Nf3 g6 8. e4
Bxf1 9. Kxf1 Nbd7 10. g3 Bg7 11. Kg2 O-O 12. h3 Qb6 13. Re1 Rfb8 14. e5 Ne8 15.
e6 fxe6 16. Ng5 e5 17. Qg4 Nf8 18. f4 Nf6 19. Qf3 N6d7 20. Re2 Qd8 21. Be3 Ra7
22. Rf1 Qe8 23. h4 Ra6 24. b3 exf4 25. Bxf4 Ne5 26. Bxe5 Bxe5 27. Nf7 Nd7 28.
h5 gxh5 29. Ne4 Rb4 30. Qf5 Bf6 31. Nexd6 Qf8 32. Qxd7 exd6 33. Rxf6 Rb7 34.
Nh6+ Qxh6 35. Qe6+ 1-0

[Event "Gibtelecom Masters"]
[Site "Gibraltar"]
[Date "2009.02.02"]
[Round "7.79"]
[White "Mozelius, Peter"]
[Black "Fox, Anthony"]
[Result "1/2-1/2"]
[WhiteElo "1916"]
[BlackElo "2085"]
[PlyCount "65"]
[EventDate "2009.01.27"]

1. d4 d5 2. Bf4 Nf6 3. e3 c5 4. c3 Nc6 5. Bd3 e6 6. Nd2 Bd6 7. Bxd6 Qxd6 8.
Ngf3 b6 9. O-O Bb7 10. Re1 h6 11. e4 dxe4 12. Nxe4 Nxe4 13. Bxe4 O-O-O 14. Qb3
cxd4 15. cxd4 Kb8 16. Rad1 Rhe8 17. Qc3 f5 18. Bc2 Nb4 19. Bb3 Rc8 20. Qe3 Be4
21. Rd2 Nd5 22. Bxd5 Bxd5 23. b3 Rc7 24. Ne5 Rec8 25. Qg3 Ka8 26. h4 Qb4 27.
Red1 Rc1 28. Kh2 Qe7 29. Ng6 Qf6 30. Rxc1 Rxc1 31. h5 Qg5 32. Nf4 Qf6 33. Ng6
1/2-1/2

[Event "Gibtelecom Masters"]
[Site "Gibraltar"]
[Date "2009.02.02"]
[Round "7.84"]
[White "Gonzalez Amaya, Millan"]
[Black "Lumsdon, Andrew"]
[Result "0-1"]
[WhiteElo "1831"]
[BlackElo "2051"]
[PlyCount "68"]
[EventDate "2009.01.27"]

1. e4 c6 2. d4 d5 3. e5 Bf5 4. h4 h6 5. c4 e6 6. g4 Be4 7. f3 Bh7 8. cxd5 cxd5
9. Bd3 Bxd3 10. Qxd3 Ne7 11. Ne2 Nec6 12. f4 Nd7 13. Bd2 Rc8 14. Nbc3 Nb4 15.
Qb1 Be7 16. h5 Qb6 17. a3 Nc6 18. Be3 Na5 19. b4 Nc4 20. Bf2 Qa6 21. Ra2 b5 22.
f5 O-O 23. Bh4 f6 24. Rg1 Rce8 25. fxe6 Qxe6 26. Nf4 Qb6 27. Qd3 fxe5 28. Ncxd5
Bxh4+ 29. Kd1 Qxd4 30. Qxd4 exd4 31. Ng6 Rf2 32. Rxf2 Bxf2 33. Rf1 Ne3+ 34.
Nxe3 dxe3 0-1

[Event "Gibtelecom Masters"]
[Site "Gibraltar"]
[Date "2009.02.02"]
[Round "7.87"]
[White "Escandell Atienza, Santiago"]
[Black "Brown, David"]
[Result "1/2-1/2"]
[WhiteElo "1485"]
[BlackElo "1932"]
[PlyCount "81"]
[EventDate "2009.01.27"]

1. e4 e5 2. Nf3 Nc6 3. Bb5 g6 4. d3 Bg7 5. c3 Nge7 6. Be3 O-O 7. Nbd2 d5 8. Bc5
Re8 9. O-O a6 10. Ba4 h6 11. Re1 b5 12. Bb3 Be6 13. Qe2 Qd7 14. exd5 Nxd5 15.
Qf1 Nf4 16. Bc2 Bf5 17. Ne4 Ne6 18. Rad1 Nxc5 19. Nxc5 Qd5 20. Nb3 Rad8 21. Nh4
Bg4 22. f3 Be6 23. g3 Qd6 24. Qf2 Bd5 25. Re3 Qf6 26. Rde1 Rf8 27. Nc5 a5 28.
Ne4 Qe7 29. a3 b4 30. a4 bxc3 31. Nxc3 Be6 32. Nb5 Nd4 33. Nxd4 Rxd4 34. Re4
Qb4 35. Rxd4 exd4 36. Bd1 Rb8 37. Nxg6 fxg6 38. Rxe6 Qxb2 39. Re8+ Kf7 40. Rxb8
Qxb8 41. Qc2 1/2-1/2

[Event "Gibtelecom Masters"]
[Site "Gibraltar"]
[Date "2009.02.02"]
[Round "7.88"]
[White "Aagedal, Geir Ole"]
[Black "Pieri, Enzo"]
[Result "1-0"]
[WhiteElo "1832"]
[BlackElo "1829"]
[PlyCount "75"]
[EventDate "2009.01.27"]

1. Nf3 d5 2. d4 Nf6 3. c4 c6 4. e3 g6 5. Nc3 Bg7 6. Be2 O-O 7. O-O Nbd7 8. b4
a5 9. b5 dxc4 10. bxc6 bxc6 11. Rb1 Ba6 12. Na4 Bb5 13. Nc3 Nd5 14. Nxd5 cxd5
15. Rxb5 e6 16. Ba3 Re8 17. Qc2 Qc7 18. Rfb1 Reb8 19. Rxb8+ Rxb8 20. Rxb8+ Qxb8
21. Nd2 Bf8 22. Bxf8 Kxf8 23. Nb1 Qb4 24. Nc3 Nb6 25. a4 Ke8 26. f4 Ke7 27. g4
f5 28. g5 Kf7 29. Kf2 Nc8 30. Ke1 Nd6 31. Bf3 Ke7 32. Kd2 Qb3 33. Qxb3 cxb3 34.
Be2 Nc4+ 35. Bxc4 dxc4 36. Nd1 Kd6 37. Kc3 Kd5 38. Nb2 1-0

[Event "Gibtelecom Masters"]
[Site "Gibraltar"]
[Date "2009.02.02"]
[Round "7.89"]
[White "Kuenitz, Klaus"]
[Black "Yarur Elsaca, Daniel"]
[Result "0-1"]
[WhiteElo "1663"]
[BlackElo "1805"]
[PlyCount "83"]
[EventDate "2009.01.27"]

1. d4 b6 2. c4 Bb7 3. d5 g6 4. e4 Bg7 5. Nf3 d6 6. Be2 Na6 7. O-O Nc5 8. Qc2
Nf6 9. Nc3 O-O 10. Bd2 Re8 11. b4 Ncd7 12. a4 a5 13. b5 Rc8 14. Rad1 Nc5 15.
Be3 Ng4 16. Bxc5 bxc5 17. Nd2 Nf6 18. Nb3 Ra8 19. f4 e6 20. Bf3 Nd7 21. Ne2 Qh4
22. g3 Qh6 23. Qd2 Nb6 24. Nxa5 Bc8 25. dxe6 Bxe6 26. e5 Rxa5 27. Qxa5 Nxc4 28.
Qxc7 Bh3 29. Qc6 Rc8 30. Qb7 dxe5 31. Rf2 e4 32. Bg2 Bf5 33. Qd5 Ne3 34. Qd2
Ng4 35. Bxe4 Bxe4 36. h4 Nxf2 37. Kxf2 Bf6 38. Qe3 Re8 39. Qxc5 Be7 40. Qe5 Bc2
41. a5 Kf8 42. Qh8# 0-1

[Event "Gibtelecom Masters"]
[Site "Gibraltar"]
[Date "2009.02.03"]
[Round "8.13"]
[White "D'Costa, Lorin A R"]
[Black "Berkes, Ferenc"]
[Result "0-1"]
[WhiteElo "2445"]
[BlackElo "2651"]
[PlyCount "102"]
[EventDate "2009.01.27"]

1. d4 Nf6 2. c4 g6 3. Nc3 d5 4. Nf3 Bg7 5. e3 O-O 6. cxd5 Nxd5 7. Bc4 Nxc3 8.
bxc3 c5 9. O-O Qc7 10. Qe2 b6 11. Ba3 Bb7 12. Rfd1 Nd7 13. Rac1 a6 14. e4 e6
15. Bd3 b5 16. Bb2 Rfd8 17. c4 b4 18. d5 e5 19. h4 a5 20. h5 Nb6 21. Qe3 Qe7
22. g3 Bc8 23. Kg2 Bg4 24. hxg6 fxg6 25. Rh1 Rf8 26. Nh2 Bd7 27. Be2 Rf7 28.
Bg4 Raf8 29. Rhf1 h5 30. Bxd7 Nxd7 31. Rc2 a4 32. f3 g5 33. Rcf2 Bh6 34. Qe2
Rg7 35. Rd1 Rg6 36. Bc1 a3 37. Be3 g4 38. fxg4 h4 39. Rxf8+ Nxf8 40. Rd3 hxg3
41. Kxg3 Bf4+ 42. Bxf4 exf4+ 43. Kg2 Nd7 44. Rh3 Ne5 45. Rh5 b3 46. axb3 Rxg4+
47. Kf2 f3 48. Nxf3 Qg7 49. Ne1 Rf4+ 50. Ke3 Qg3+ 51. Kd2 Rf2 0-1

[Event "Gibtelecom Masters"]
[Site "Gibraltar"]
[Date "2009.02.03"]
[Round "8.14"]
[White "Dittmar, Peter"]
[Black "Berg, Emanuel"]
[Result "0-1"]
[WhiteElo "2382"]
[BlackElo "2606"]
[PlyCount "58"]
[EventDate "2009.01.27"]

1. b3 e5 2. Bb2 Nc6 3. c4 Nf6 4. e3 d5 5. cxd5 Nxd5 6. a3 Bd6 7. d3 O-O 8. Nf3
f5 9. Nbd2 Nf6 10. Qc2 Qe8 11. Nc4 b5 12. d4 bxc4 13. Bxc4+ Kh8 14. Bb5 Nxd4
15. Nxd4 Qg6 16. Bc6 Rb8 17. Nf3 e4 18. Ne5 Bxe5 19. Bxe5 Ba6 20. O-O-O Bd3 21.
Qc3 Ng4 22. Bg3 Rb6 23. Bd5 f4 24. exf4 Qd6 25. Rxd3 exd3 26. Qxd3 Qxa3+ 27.
Kd2 Rd8 28. Rd1 Rxb3 29. Qxb3 Qxb3 0-1

[Event "Gibtelecom Masters"]
[Site "Gibraltar"]
[Date "2009.02.03"]
[Round "8.18"]
[White "Del Rio De Angelis, Salvad"]
[Black "Karim, Ismael"]
[Result "1-0"]
[WhiteElo "2532"]
[BlackElo "2407"]
[PlyCount "55"]
[EventDate "2009.01.27"]

1. d4 d5 2. c4 c6 3. Nf3 Nf6 4. Nc3 e6 5. Bg5 dxc4 6. e4 b5 7. e5 h6 8. Bh4 g5
9. Nxg5 hxg5 10. Bxg5 Nbd7 11. g3 Bb7 12. Bg2 Qc7 13. exf6 c5 14. Bf4 Qb6 15.
d5 O-O-O 16. O-O Nxf6 17. Bg5 Bg7 18. Qf3 exd5 19. Nxb5 Qxb5 20. Bxf6 Bxf6 21.
Qxf6 Qb6 22. Qxf7 Rhf8 23. Qg7 Rg8 24. Qc3 Qb4 25. Qe5 Bc6 26. Rad1 Rge8 27.
Qf5+ Kc7 28. Bxd5 1-0

[Event "Gibtelecom Masters"]
[Site "Gibraltar"]
[Date "2009.02.03"]
[Round "8.19"]
[White "Gordon, Stephen J"]
[Black "Vernay, Clovis"]
[Result "1-0"]
[WhiteElo "2524"]
[BlackElo "2338"]
[PlyCount "87"]
[EventDate "2009.01.27"]

1. d4 d5 2. c4 c6 3. Nf3 Nf6 4. e3 Bg4 5. h3 Bxf3 6. Qxf3 e6 7. Bd3 Bb4+ 8. Nd2
Nbd7 9. O-O O-O 10. Qd1 c5 11. cxd5 exd5 12. a3 Bxd2 13. Bxd2 cxd4 14. exd4 Qb6
15. Rb1 Rfe8 16. Qa4 a6 17. Rfc1 Rec8 18. Qb4 Ne4 19. Be1 Qa7 20. f3 Ne5 21.
Bf1 Nf6 22. Bf2 Nc6 23. Qd2 Nd8 24. Rc3 Rc6 25. a4 Qb6 26. b4 Rac8 27. Rxc6
Qxc6 28. b5 axb5 29. Rxb5 Qc1 30. Qxc1 Rxc1 31. Bh4 Rd1 32. a5 Kf8 33. Bg3 Ne8
34. Rxd5 Nc6 35. Bf2 Ra1 36. Rd7 Nxa5 37. d5 Rc1 38. Be3 Rc8 39. d6 Nf6 40. Rc7
Rb8 41. d7 Ke7 42. Bc5+ Kd8 43. Bb6 Nxd7 44. Rxb7+ 1-0

[Event "Gibtelecom Masters"]
[Site "Gibraltar"]
[Date "2009.02.03"]
[Round "8.20"]
[White "Berczes, David"]
[Black "Nithander, Victor"]
[Result "1/2-1/2"]
[WhiteElo "2513"]
[BlackElo "2369"]
[PlyCount "60"]
[EventDate "2009.01.27"]

1. d4 Nf6 2. c4 g6 3. Nc3 Bg7 4. e4 d6 5. Bd3 O-O 6. Nge2 Nc6 7. O-O Nd7 8. Be3
e5 9. d5 Nd4 10. Bc2 Nxc2 11. Qxc2 f5 12. exf5 gxf5 13. f4 Nf6 14. h3 e4 15. b4
Bd7 16. Qd2 a6 17. Bd4 Qe7 18. Nd1 Qf7 19. Ne3 b5 20. cxb5 Nxd5 21. Bxg7 Nxe3
22. Qxe3 Qxg7 23. bxa6 Rxa6 24. b5 Ra5 25. b6 cxb6 26. Qxb6 Rfa8 27. Qxd6 Bb5
28. Qd2 Qa7+ 29. Kh1 Bxe2 30. Qxe2 Rxa2 1/2-1/2

[Event "Gibtelecom Masters"]
[Site "Gibraltar"]
[Date "2009.02.03"]
[Round "8.21"]
[White "Quillan, Gary"]
[Black "Carlsson, Pontus"]
[Result "1/2-1/2"]
[WhiteElo "2357"]
[BlackElo "2509"]
[PlyCount "99"]
[EventDate "2009.01.27"]

1. e4 c5 2. Nf3 d6 3. Bb5+ Bd7 4. Bxd7+ Nxd7 5. c4 Ngf6 6. Nc3 e6 7. O-O a6 8.
a4 Be7 9. d3 O-O 10. b3 Ng4 11. d4 Bf6 12. h3 cxd4 13. Nxd4 Nge5 14. Be3 Qa5
15. Qd2 Rfd8 16. Rab1 Rac8 17. Rfd1 h6 18. Kh1 Qc7 19. Nde2 Nc5 20. Ng3 Nxb3
21. Rxb3 Nxc4 22. Qe2 Nxe3 23. Qxe3 Qc4 24. Nce2 Qxa4 25. Rdb1 b5 26. Ra3 Qc2
27. Rc1 Qb2 28. Rxa6 b4 29. Rxc8 Rxc8 30. Rb6 Ra8 31. Qd3 Be5 32. Kh2 g5 33.
Rb7 Qa3 34. Qb5 h5 35. Kg1 Qa1+ 36. Nf1 Qe1 37. Rb8+ Rxb8 38. Qxb8+ Kg7 39.
Neg3 h4 40. Qd8 hxg3 41. Qxg5+ Kh7 42. Qh4+ Kg8 43. Qd8+ Kh7 44. Qh4+ Kg6 45.
Qg4+ Kf6 46. Qh4+ Kg7 47. Qg5+ Kh8 48. Qd8+ Kh7 49. Qh4+ Kg8 50. Qd8+ 1/2-1/2

[Event "Gibtelecom Masters"]
[Site "Gibraltar"]
[Date "2009.02.03"]
[Round "8.22"]
[White "Natalicchio Escalante, Nic"]
[Black "Arakhamia-Grant, Ketevan"]
[Result "1/2-1/2"]
[WhiteElo "2238"]
[BlackElo "2500"]
[PlyCount "104"]
[EventDate "2009.01.27"]

1. d4 Nf6 2. c4 c5 3. d5 e6 4. Nc3 exd5 5. cxd5 d6 6. Nf3 g6 7. g3 Bg7 8. Bg2
O-O 9. O-O a6 10. a4 Nbd7 11. Nd2 Re8 12. Nc4 Ne5 13. Ne3 Rb8 14. a5 b5 15.
axb6 Rxb6 16. f4 Neg4 17. Nc4 Rb4 18. Qd3 Nh5 19. Bf3 Qd7 20. Bxg4 Qxg4 21.
Nxd6 Bd4+ 22. Rf2 Nxf4 23. Bxf4 Bxf2+ 24. Kxf2 Rxf4+ 25. Kg1 Rd8 26. Nce4 Rxd6
27. Nxd6 Rd4 28. Qe3 Qd7 29. Qe5 f6 30. Qxf6 Rxd5 31. Nxc8 Qxc8 32. Rxa6 Rd1+
33. Kf2 c4 34. Qe6+ Qxe6 35. Rxe6 Rb1 36. Rc6 Rxb2 37. Rxc4 h5 38. Rc7 Rb8 39.
h4 Rf8+ 40. Ke3 Re8+ 41. Kf4 Rxe2 42. Kg5 Re3 43. Kxg6 Rxg3+ 44. Kxh5 Rg7 45.
Rc5 Kh7 46. Rg5 Ra7 47. Rf5 Rg7 48. Rf6 Ra7 49. Rh6+ Kg7 50. Rg6+ Kh7 51. Rg5
Rb7 52. Rf5 Rg7 1/2-1/2

[Event "Gibtelecom Masters"]
[Site "Gibraltar"]
[Date "2009.02.03"]
[Round "8.23"]
[White "Kozlov, Oleg"]
[Black "Kiik, Kalle"]
[Result "1-0"]
[WhiteElo "2187"]
[BlackElo "2466"]
[PlyCount "77"]
[EventDate "2009.01.27"]

1. c4 e5 2. Nc3 Nc6 3. g3 Nf6 4. Bg2 Bc5 5. a3 a5 6. e3 d6 7. Nge2 Bf5 8. d4
Ba7 9. O-O Qd7 10. b4 Bh3 11. b5 Bxg2 12. Kxg2 Nd8 13. f4 c6 14. a4 O-O 15.
fxe5 dxe5 16. Ba3 Ng4 17. Bc1 Qe6 18. h3 exd4 19. exd4 Ne3+ 20. Bxe3 Qxe3 21.
Rf3 Qe7 22. d5 Bc5 23. Nd4 Qe5 24. Nb3 Bb4 25. Qd4 Qxd4 26. Nxd4 cxb5 27. Ncxb5
Rc8 28. Rc1 Re8 29. Nf5 Re5 30. Nfd6 Rc5 31. Rd1 f6 32. Rf4 Kf8 33. Rdd4 b6 34.
Rde4 Nf7 35. Nxf7 Rxe4 36. Rxe4 Kxf7 37. Nd6+ Kg6 38. Rg4+ Kh5 39. Rxg7 1-0

[Event "Gibtelecom Masters"]
[Site "Gibraltar"]
[Date "2009.02.03"]
[Round "8.25"]
[White "Heinis, Vincent"]
[Black "Cmilyte, Viktorija"]
[Result "0-1"]
[WhiteElo "2170"]
[BlackElo "2497"]
[PlyCount "130"]
[EventDate "2009.01.27"]

1. Nf3 Nf6 2. c4 g6 3. Nc3 d5 4. cxd5 Nxd5 5. Qa4+ Bd7 6. Qh4 Nxc3 7. bxc3 Bg7
8. Rb1 Bc6 9. e4 e6 10. Qxd8+ Kxd8 11. Ng5 Ke8 12. f3 Nd7 13. d4 h6 14. Nh3 g5
15. Nf2 b6 16. Be2 Bb7 17. e5 f6 18. exf6 Bxf6 19. O-O Kf7 20. Ne4 Be7 21. Ng3
Raf8 22. f4 Ke8 23. f5 exf5 24. Nxf5 Rxf5 25. Rxf5 Be4 26. Rfb5 c6 27. R5b3
Bxb1 28. Rxb1 Kd8 29. Be3 Bd6 30. Bf3 Kc7 31. Re1 Nf6 32. g3 b5 33. Rc1 g4 34.
Bg2 Nd5 35. Bd2 h5 36. c4 bxc4 37. Rxc4 Kb6 38. Bg5 Re8 39. Kf2 Kb5 40. Rc2 Nb4
41. Bf1+ Ka4 42. Rc3 Rc8 43. Bc4 Ka5 44. Kg2 Rf8 45. h3 c5 46. dxc5 Bxc5 47.
Bf4 Bd4 48. Rb3 Rc8 49. Bd3 Nxd3 50. Rxd3 Rc2+ 51. Kh1 Bb6 52. hxg4 hxg4 53.
Rd5+ Rc5 54. Bd2+ Kb5 55. Rd3 Kc4 56. Rd7 Rd5 57. Rxd5 Kxd5 58. Kg2 Ke4 59. Bh6
a5 60. Bf8 a4 61. Bd6 Bd4 62. Ba3 Kd3 63. Kf1 Be5 64. Kf2 Kc2 65. Be7 Kb2 0-1

[Event "Gibtelecom Masters"]
[Site "Gibraltar"]
[Date "2009.02.03"]
[Round "8.31"]
[White "Devereaux, Maxim L"]
[Black "Bok, Benjamin"]
[Result "1-0"]
[WhiteElo "2437"]
[BlackElo "2277"]
[PlyCount "159"]
[EventDate "2009.01.27"]

1. d4 Nf6 2. Nf3 g6 3. Nc3 d5 4. Bf4 Bg7 5. Qd2 O-O 6. Bh6 c6 7. Bxg7 Kxg7 8.
e3 b6 9. Bd3 Ba6 10. Bxa6 Nxa6 11. Qe2 Nb8 12. O-O Nbd7 13. e4 dxe4 14. Nxe4
Qc7 15. Rfe1 e6 16. Nxf6 Nxf6 17. Rad1 c5 18. c4 Rad8 19. dxc5 Qxc5 20. b3 Qc7
21. Qb2 Rxd1 22. Rxd1 Rd8 23. Rd4 Rxd4 24. Qxd4 Qd7 25. Kf1 Qxd4 26. Nxd4 Kf8
27. Nc6 a5 28. c5 bxc5 29. Nxa5 Ke7 30. Nc4 Nd5 31. a4 f6 32. g3 e5 33. Ke2 Ke6
34. Ne3 Nb4 35. Kd2 f5 36. Nc2 Nc6 37. Kc3 e4 38. b4 cxb4+ 39. Nxb4 Na5 40. Nc2
Kd5 41. Kb4 Nb7 42. h4 Kc6 43. Nd4+ Kb6 44. Ne6 Na5 45. Nd8 h6 46. Kc3 Kc5 47.
Nf7 Nc4 48. Nxh6 e3 49. fxe3 Nxe3 50. Kd3 Nf1 51. g4 fxg4 52. Nxg4 Ng3 53. Nh6
Kd5 54. Ke3 Ne4 55. Ng4 Nd6 56. Kf4 Nf7 57. Ne3+ Kc5 58. a5 Kb5 59. Nc4 Ka6 60.
Ke4 Kb5 61. Kd5 Ka6 62. Ke6 g5 63. h5 Nh6 64. Kf6 g4 65. Kg5 g3 66. Ne3 Ng8 67.
Kf4 Kxa5 68. Kxg3 Kb6 69. Kf4 Kc6 70. Kg5 Kd6 71. Kg6 Ke6 72. Kg7 Nf6 73. h6
Nh5+ 74. Kg6 Nf6 75. Nd5 Ng4 76. h7 Ne5+ 77. Kg7 Nf7 78. Ne3 Ke7 79. Nf5+ Ke8
80. Nd6+ 1-0

[Event "Gibtelecom Masters"]
[Site "Gibraltar"]
[Date "2009.02.03"]
[Round "8.34"]
[White "Kharous, Ernest"]
[Black "De Groote, Ewoud"]
[Result "1/2-1/2"]
[WhiteElo "2400"]
[BlackElo "2203"]
[PlyCount "98"]
[EventDate "2009.01.27"]

1. f4 d5 2. Nf3 g6 3. g3 Bg7 4. Bg2 c6 5. O-O Qb6+ 6. d4 Nh6 7. e3 Bg4 8. Nbd2
Nf5 9. Qe1 Bxf3 10. Nxf3 c5 11. c3 e6 12. Kh1 Nd7 13. Ne5 Rd8 14. b3 h5 15. Bf3
Bf8 16. Bb2 Nf6 17. Rd1 Be7 18. Qe2 Ne4 19. Bxe4 dxe4 20. Rd2 O-O 21. Rfd1 cxd4
22. cxd4 Bf6 23. Nc4 Qa6 24. a4 b6 25. Kg1 Rd7 26. Kf2 Qb7 27. Rc2 b5 28. Na5
Qb6 29. Qxb5 Qxb5 30. axb5 Rb8 31. Nc4 Rxb5 32. Nd2 Be7 33. Rc8+ Rd8 34. Rdc1
Rb8 35. Rxd8+ Bxd8 36. Ba3 Ba5 37. Nxe4 Nxe3 38. Nf6+ Kg7 39. Bd6 Rxb3 40. Be5
Rb2+ 41. Kf3 Nc2 42. Nxh5+ Kh6 43. Nf6 Bd2 44. Ng4+ Kh7 45. Nf6+ Kh6 46. Rh1
Ne1+ 47. Kg4 Nd3 48. Ng8+ Kh7 49. Nf6+ Kh6 1/2-1/2